000 00433nam a2200205Ia 4500
001 002358
003 YMCAF
005 20230512160138.0
008 100717s1972 ||||||||||||||||| ||und|d
024 _a2358
035 _a2338
040 _aYMCAF
_beng
_cIN-KoLT
041 _aeng
082 _aINT-BAI
100 _aBAILEY F.J.
245 0 _aintroduction to seniconductor
260 _c1972
300 _a238
942 _2ddc
_cBK
999 _c1912
_d1912